Chris Who? Quiz Stats

 Plays Quiz Updated May 17, 2018

Score 0/15 Timer 05:00
5 Plays Today
% Correct
Christopher Lloyd
93.6%
Chris Hemsworth
89.6%
Christopher Reeve
89%
Chris Pratt
88.5%
Christopher Plummer
87.5%
Christopher Lee
85.9%
Chris Farley
82.6%
Chris Evans
81%
% Correct
Christopher Walken
80.4%
Chris Pine
79.3%
Chris Tucker
77.8%
Christoph Waltz
72.8%
Chris O'Donnell
66.1%
Chris Rock
60%
Christopher Meloni
45.1%

You're not logged in!

Compare scores with friends on all Sporcle quizzes.
OR
Log In

Sporcle TV

Today on Sporcle TV


Watch our educational content, quiz creation guides, and fun videos on Sporcle TV.

Show Comments

Extras

Top Quizzes Today


Score Distribution

Your Account Isn't Verified!

In order to create a playlist on Sporcle, you need to verify the email address you used during registration. Go to your Sporcle Settings to finish the process.

Report this User

Report this user for behavior that violates our Community Guidelines.

Details: